| 000 | 00711nam a2200241Ia 4500 | ||
|---|---|---|---|
| 003 | OSt | ||
| 005 | 20220926004935.0 | ||
| 006 | a|||||r|||| 00| 0 | ||
| 007 | ta | ||
| 008 | 220923b |||||||| |||| 00| 0 eng d | ||
| 020 | _a761996281 | ||
| 037 | _cGeneral Book | ||
| 040 |
_aRTL _cRTL _beng |
||
| 041 |
_2eng _aeng |
||
| 082 | _aX:77, P2 | ||
| 100 |
_aNaqvi Syed Nawab Haider _9306818 |
||
| 245 | 0 |
_aDevelopment economics _b Nature and significance |
|
| 260 |
_a New Delhi _bSage Publication _c2002 |
||
| 300 |
_a269p. Bibliography: P 240-61 _ccm. |
||
| 650 |
_aEconomic Development _917300 |
||
| 942 |
_hX:77, P2 _cGB _2CC |
||
| 999 |
_c612673 _d612673 |
||